Ордовик Казахстана. Вып. 2: Стратиграфия ордовика Чу-Илийских гор; Общий обзор стратиграфии ордовика Чу-Илийских гор. Граптолиты ордовика Чу-Илийских гор; Логанограпт ордовикских отложений Чу-Илийских гор; Брахиоподы ордовика Чу-Илийских гор; Гастроподы ордовика Чу-Илийских гор; Наутилоидеи ордовика Чу-Илийских гор и Бет-Пак-Далы

Xehetasun bibliografikoak
Erakunde egilea: Академия наук СССР (АН СССР) Геологический институт (ГИН)
Beste egile batzuk: Шатский Н. С.
Gaia:С 1 января 1956 г. на базе Института геологических наук АН СССР организованы два самостоятельных института: Геологический институт АН СССР и Институт геологии рудных месторождений, петрографии, минералогии и геохимии АН СССР. В связи с этим издание «Труды Института геологических наук» (вып. 1 — 165), выходившие отдельными сериями: Геологическая (№№ 1 — 70 № 72), Петрографическая (№№ 1—47), Рудных месторождений (№№ 1—17), Минералогии й геохимии<(№№ 1—16), Угольная (№№ 1—5), Инженерной геологии (№№ 1—5) прекращено. В дальнейшем результаты научной работы Институтов будут печататься в «Трудах Геологического института» и «Трудах Института геологии рудных месторождений, петрографии, минералогии и геохимии^(без разделения на серии).
Hizkuntza:errusiera
Argitaratua: Москва, Изд-во Академии наук СССР, 1956
TOC:Б. М. Келлер, Общий обзор стратиграфии ордовика Чу-Илийских гор. Граптолиты ордовика Чу-Илийских гор;
А. М. Обут, Логанограпт ордовикских отложений Чу-Илийских гор;
Т. Б. Рукавишникова, Брахиоподы ордовика Чу-Илийских гор;
В. А. Востокова, Гастроподы ордовика Чу-Илийских гор;
З. Г. Балашов, Наутилоидеи ордовика Чу-Илийских гор и Бет-Пак-Далы;
Saila:Труды геологического института (ГИН) Вып. 1
Gaiak:
Formatua: MixedMaterials Liburua
KOHA link:https://koha.lib.tpu.ru/cgi-bin/koha/opac-detail.pl?biblionumber=366807

MARC

LEADER 00000nam0a2200000 4500
001 366807
005 20231102011923.0
035 |a (RuTPU)RU\TPU\retro\24170 
035 |a RU\TPU\book\308071 
090 |a 366807 
100 |a 20220218d1956 k y0rusy50 ca 
101 0 |a rus 
102 |a RU 
105 |a a z 001zy 
200 1 |a Ордовик Казахстана. Вып. 2: Стратиграфия ордовика Чу-Илийских гор  |f Академия наук СССР (АН СССР), Геологический институт (ГИН) ; гл. ред. Н. С. Шатский 
210 |a Москва  |c Изд-во Академии наук СССР  |d 1956 
215 |a 202 с.  |c ил.  |e 2 табл. 
225 1 |a Труды геологического института (ГИН)  |v Вып. 1 
300 |a С 1 января 1956 г. на базе Института геологических наук АН СССР организованы два самостоятельных института: Геологический институт АН СССР и Институт геологии рудных месторождений, петрографии, минералогии и геохимии АН СССР. В связи с этим издание «Труды Института геологических наук» (вып. 1 — 165), выходившие отдельными сериями: Геологическая (№№ 1 — 70 № 72), Петрографическая (№№ 1—47), Рудных месторождений (№№ 1—17), Минералогии й геохимии<(№№ 1—16), Угольная (№№ 1—5), Инженерной геологии (№№ 1—5) прекращено. В дальнейшем результаты научной работы Институтов будут печататься в «Трудах Геологического института» и «Трудах Института геологии рудных месторождений, петрографии, минералогии и геохимии^(без разделения на серии). 
320 |a Библиография в конце докладов. 
464 |t Общий обзор стратиграфии ордовика Чу-Илийских гор. Граптолиты ордовика Чу-Илийских гор  |f Б. М. Келлер 
464 |t Логанограпт ордовикских отложений Чу-Илийских гор  |f А. М. Обут 
464 |t Брахиоподы ордовика Чу-Илийских гор  |f Т. Б. Рукавишникова 
464 |t Гастроподы ордовика Чу-Илийских гор  |f В. А. Востокова 
464 |t Наутилоидеи ордовика Чу-Илийских гор и Бет-Пак-Далы  |f З. Г. Балашов 
606 1 |a Ордовикские отложения  |2 stltpush  |3 (RuTPU)RU\TPU\subj\47458  |9 66388 
610 1 |a Казахстан 
610 1 |a стратиграфия 
610 1 |a Чу-Илийские горы 
610 1 |a граптолиты 
610 1 |a логанограпт 
610 1 |a брахиоподы 
610 1 |a гастроподы 
675 |a 551.733.1  |v 3 
702 1 |a Шатский  |b Н. С.  |4 651 
712 0 2 |a Академия наук СССР (АН СССР)  |b Геологический институт (ГИН)  |c (Москва)  |2 stltpush  |3 (RuTPU)RU\TPU\col\11354 
801 1 |a RU  |b 63413507  |c 20150211 
801 2 |a RU  |b 63413507  |c 20220218  |g RCR 
942 |c BK